I. Central European Conference on Logistics : 26 November 2010, Miskolc, Hungary
Uložené v:
| Médium: | Kniha |
|---|---|
| Vydavateľské údaje: |
Miskolc :
University of Miskolc,
2010
|
| Tagy: |
Žiadne tagy, Buďte prvý, kto otaguje tento záznam!
|
MARC
| LEADER | 00000nam a22000003a 4500 | ||
|---|---|---|---|
| 001 | stu219181 | ||
| 005 | 20150408182834.0 | ||
| 008 | 101209s2010----hu----------------------d | ||
| 020 | |a 978-963-661-946-6 | ||
| 040 | |a STU |b slo | ||
| 041 | 0 | ||
| 044 | |a hu | ||
| 245 | |a I. Central European Conference on Logistics : |b 26 November 2010, Miskolc, Hungary | ||
| 260 | |a Miskolc : |b University of Miskolc, |c 2010 | ||
| 300 | |a CD-ROM | ||
| 996 | |b 284M079073 |c M*CD-1907 |l MMKN |s A |a 24 |w stu219181_0001 | ||